000 00449nam a2200157Ia 4500
003 GCL
008 140319s9999 xx 000 0 eng d
040 _aGCL /
_cGCL
082 0 4 _a620.11217
_bL H
100 1 _aHABERMAS, JURGEN
245 1 0 _aHARMONISATION OF TESTING PRACTICE FOR HIGH TEMPERATURE MESTERIES /
_cHABERMAS, JURGEN
260 _a[S.N] :
_bABT AKVERT SKIRA S.A ،
_c1992
300 _a409 P
650 0 4 _aTEMPERATURE
942 _2ddc
_cBK
999 _c17259
_d17259